| 000 | 01308cab a2200361 4500 | ||
|---|---|---|---|
| 001 | ABS52943 | ||
| 008 | 090401t1995 xxu||||| |||| 00| 0 eng d | ||
| 035 | _a(Sirsi) u1015 | ||
| 041 | _aeng | ||
| 100 | _aBurcher, G. | ||
| 245 | _aSelling, letting and assigning property | ||
| 260 | _c1995 | ||
| 350 | _a0 | ||
| 490 |
_aCSM (Chartered Surveyor Monthly) _v4(7) May 1995, 42-43(2) |
||
| 520 | _aGuidance for chartered surveyors accepting agency instructions for property including issues such as connected persons, council tax, tenure, commission, services and inspection of the property, excluding residential lettings. | ||
| 650 | _aCLIENTS MONEY | ||
| 650 | _aRICS CODE OF MEASURING PRACTICE | ||
| 650 | _aCOMMISSION | ||
| 650 | _aCONNECTED PERSONS | ||
| 650 | _aESTATE AGENCY | ||
| 650 | _aESTATE AGENTS (PROVISION OF INFORMATION) REGULATIONS 1991 | ||
| 650 | _aESTATE AGENTS ACT 1979 | ||
| 650 |
_aInspection _96248 |
||
| 650 | _aRICS MEMBERS' ACCOUNTS RULES | ||
| 650 | _aPERSONAL INTEREST | ||
| 650 | _aPROPERTY MISDESCRIPTIONS (SPECIFIED MATTERS) ORDER 1992 | ||
| 650 | _aPROPERTY MISDESCRIPTIONS ACT 1991 | ||
| 650 | _aSOLE AGENCY | ||
| 650 | _aSOLE SELLING RIGHTS | ||
| 690 | _aMANAGEMENT-BUSINESS MANAGEMENT-PROFESSIONAL PRACTICE | ||
| 942 | _n0 | ||
| 948 | _c04/03/1997 | ||
| 999 |
_c563 _d563 |
||